00643cam a2200205 a 450000100100000000500170001000800410002702000150006804000250008304200140010808200180012210000250014024500540016526000410021930000320026065000270029265000590031965000460037865000130042400000173420260209094147.0950703s1995 caua 001 0 eng d z1568844549 aDO-SdBNPcTSewUdDLC alccopycat a005.72bT238c1 aTaylor, Dave,d1962-10aCreating cool Web pages with HTML /cDave Taylor. aFoster City, CA :bIDG Books,c1995. axx, 280 p. :bil. ;c24 cm. 4aMultimedia interactiva 4aWorld wide web (servicio de información sobre redes) 4aHtml (lenguaje de procesamiento de texto) 0aInternet